Statistics for Every Taio Cruz song that hit the Billboard hot 100

Click here to take the quiz!

General Stats

  • This quiz has been taken 12 times
  • The average score is 3 of 6

Answer Stats

Peak Chart PositionYearSong% Correct
12010Break Your Heart
100%
22010Dynamite
100%
622011Hangover
56%
702011Little Bad Girl
33%
962010Dirty Picture
33%
242011Higher
22%

Score Distribution

Percentile by Number Answered

Percent of People with Each Score

Your Score History

You have not taken this quiz